000 00526nam a22001937a 4500
003 OSt
005 20140310182839.0
008 130608t xxu||||| |||| 00| 0 eng d
050 _aGV 865
_b.B869 1974
082 _aM 927.96357
_bB78 1974
245 _aHank Aaron :
_b...714 and Beyond!
_cBronfield, Jerry
260 _aUSA :
_bScholastic Magazines, Inc.,
_cc1974.
300 _a124 p. :
_bill. ;
_c18 cm.
521 _aCollege Students
526 _c1210L-1700L
541 _j1
562 _e1
942 _2lcc
_cBK
_kM
999 _c16828
_d16828